MAASAI MARA UNIVERSITY

LIBRARY CATALOGUE

Contact Us: +254 020 2685356/7 or 0774 057787

Box: 861-20500, NAROK, KENYA

Email: info@mmarau.ac.ke

Kiswahili utangamano na maendeleo endelevu Afrika Mashariki (Record no. 31962)

MARC details
000 -LEADER
fixed length control field 00511nam a22001697a 4500
003 - CONTROL NUMBER IDENTIFIER
control field OSt
005 - DATE AND TIME OF LATEST TRANSACTION
control field 20210120113717.0
008 - FIXED-LENGTH DATA ELEMENTS--GENERAL INFORMATION
fixed length control field 210120b ||||| |||| 00| 0 eng d
020 ## - INTERNATIONAL STANDARD BOOK NUMBER
International Standard Book Number 9789976516531
040 ## - CATALOGING SOURCE
Original cataloging agency MMU
Language of cataloging Eng.
Transcribing agency MMU
050 ## - LIBRARY OF CONGRESS CALL NUMBER
Classification number PL8701.37 .K5835 2018
245 ## - TITLE STATEMENT
Title Kiswahili utangamano na maendeleo endelevu Afrika Mashariki
Statement of responsibility, etc. wahariri Walibora Ken
260 ## - PUBLICATION, DISTRIBUTION, ETC. (IMPRINT)
Place of publication, distribution, etc. Zanzibar :
Name of publisher, distributor, etc. Kakkama ,
Date of publication, distribution, etc. 2018
300 ## - PHYSICAL DESCRIPTION
Extent xix,309p.
650 ## - SUBJECT ADDED ENTRY--TOPICAL TERM
Topical term or geographic name as entry element Kiswahili na maendeleo ya Afrika Mashariki
942 ## - ADDED ENTRY ELEMENTS (KOHA)
Source of classification or shelving scheme Library of Congress Classification
Koha item type L
Holdings
Withdrawn status Lost status Source of classification or shelving scheme Damaged status Not for loan Home library Current library Date acquired Total Checkouts Full call number Barcode Date last seen Date last checked out Price effective from Koha item type
    Library of Congress Classification     Maasai Mara University Library -Main Campus Maasai Mara University Library -Main Campus 01/20/2021 1 PL8701.37 .k5835 2018 17038047 02/16/2021 02/05/2021 01/20/2021 SL
© 2016 Maasai Mara University.